| Tag |
First Indicator |
Second Indicator |
Subfields |
| LEADER |
00000nam a2200000Mu 4500 |
| 001 |
in00004584607 |
| 006 |
m o d |
| 007 |
cr ||||||||||| |
| 008 |
220514s2022 xx o ||| 0 eng d |
| 005 |
20220711134216.0 |
| 020 |
|
|
|a 9781800105768
|q (electronic bk.)
|
| 020 |
|
|
|a 1800105762
|q (electronic bk.)
|
| 020 |
|
|
|a 9781800105751
|q (electronic bk.)
|
| 020 |
|
|
|a 1800105754
|q (electronic bk.)
|
| 035 |
|
|
|a (NhCcYBP)jstor22573/CTV24RTJHS
|
| 037 |
|
|
|a 22573/ctv24rtjhs
|b JSTOR
|
| 040 |
|
|
|a NhCcYBP
|c NhCcYBP
|
| 082 |
0 |
4 |
|a 630.9
|2 23/eng/20220516
|
| 100 |
1 |
|
|a Segers, Yves.
|
| 245 |
1 |
0 |
|a Agricultural Knowledge Networks in Rural Europe, 1700-2000
|h [electronic resource].
|
| 260 |
|
|
|a Woodbridge :
|b Boydell & Brewer, Incorporated,
|c 2022.
|
| 300 |
|
|
|a 1 online resource.
|
| 336 |
|
|
|a text
|b txt
|2 rdacontent
|
| 337 |
|
|
|a computer
|b c
|2 rdamedia
|
| 338 |
|
|
|a online resource
|b cr
|2 rdacarrier
|
| 490 |
1 |
|
|a Boydell Studies in Rural History Ser. ;
|v v.2
|
| 500 |
|
|
|a Description based upon print version of record.
|
| 505 |
0 |
|
|a Front Cover -- Contents -- List of Illustrations -- List of Contributors -- List of Abbreviations -- Knowledge and its Networks in Rural Europe: From the Early Eighteenth to the Late Twentieth Century -- Agricultural Literature in Scandinavia and the Anglo-Saxon Countries as an Indicator -- Peasant Eyes: A Critique of the Agricultural Enlightenment -- Fighting the Angoumois Grain Moth: Henri-Louis Duhamel du Monceau and his Network -- 'Promoting and Accelerating the Progress of Agriculture': A Case Study of Agricultural Societies
|
| 505 |
8 |
|
|a 'Proper Values' in Agriculture: The Role of Agricultural Associations in Knowledge Dissemination -- 'The Eye of the Master': Livestock Improvement and Knowledge Networks in Belgium, 1900-1940 -- Bridging Rural Culture and Expert Culture: The Agrarian Press in Galicia, c.1900-c.1950 -- Farmers Facing a Body of Expertise: the Activities and Methods of the Departmental Services -- Technical Change and Knowledge Networks in England, 1945-1980s -- Communicating an Innovation: Building Dutch Progeny Testing Stations for Pigs -- Index
|
| 650 |
|
0 |
|a Communication in agriculture
|x History
|y 18th century.
|
| 650 |
|
0 |
|a Communication in agriculture
|x History
|y 19th century.
|
| 650 |
|
0 |
|a Communication in agriculture
|x History
|y 20th century.
|
| 650 |
|
0 |
|a Agricultural innovations
|x History
|y 18th century.
|
| 650 |
|
0 |
|a Agricultural innovations
|x History
|y 19th century.
|
| 650 |
|
0 |
|a Agricultural innovations
|x History
|y 20th century.
|
| 655 |
|
7 |
|a Electronic books.
|2 local
|
| 700 |
1 |
|
|a Van Molle, Leen.
|
| 700 |
1 |
|
|a Myrdal, Janken.
|
| 700 |
1 |
|
|a Lehmbrock, Verena.
|
| 700 |
1 |
|
|a Holland, Sarah.
|
| 700 |
1 |
|
|a Claeys, Dries.
|
| 700 |
1 |
|
|a Cabo, Miguel.
|
| 700 |
1 |
|
|a Fernández Prieto, Lourenzo.
|
| 700 |
1 |
|
|a Herment, Laurent.
|
| 700 |
1 |
|
|a Brassley, Paul.
|
| 776 |
1 |
8 |
|i Print version:
|a Segers, Yves
|t Agricultural Knowledge Networks in Rural Europe, 1700-2000
|d Woodbridge : Boydell & Brewer, Incorporated,c2022
|z 9781783277124
|
| 830 |
|
0 |
|a Boydell Studies in Rural History Ser.
|
| 856 |
4 |
0 |
|u http://proxy.library.tamu.edu/login?url=https://www.jstor.org/stable/10.2307/j.ctv24tr803
|z Connect to the full text of this electronic book
|t 0
|
| 955 |
|
|
|a JSTOR DDA record
|
| 999 |
f |
f |
|s e32ee857-6a65-45c5-b5ab-d696f88dabee
|i e32ee857-6a65-45c5-b5ab-d696f88dabee
|t 0
|
| 952 |
f |
f |
|a Texas A&M University
|b College Station
|c Electronic Resources
|d Available Online
|t 0
|h Library of Congress classification
|
| 998 |
f |
f |
|t 0
|l Available Online
|